| 000 | 00419nam a2200145Ia 4500 | ||
|---|---|---|---|
| 008 | 211109s9999||||xx |||||||||||||| ||und|| | ||
| 082 |
_a823 _bBAY-C |
||
| 100 | _aBayley, Viola | ||
| 245 | 0 | _aCorsican Adventure | |
| 260 |
_bPenguin Books _aNew York _c1900 |
||
| 300 | _a159p. | ||
| 630 | _xGeneral Stack | ||
| 650 |
_aEnglish fiction _vEnglish & Old English literaturesLiterature & rhetoric _xGeneralia |
||
| 942 | _cBOOK | ||
| 999 |
_c35505 _d35505 |
||